000 00958 a2200157 4500
003 Nust
005 20221223121122.0
020 _a0871965593
040 _cNust
082 _a621.388,KNO
245 _aThe Home Video Yearbook 1981-82 /
260 _aNew York
_bFact on File
_c1981
505 _aOverview of the Home Video Industry (Page-1), Mergers, Acquisitions and Join T Ventures (Page-11), Cable (Page-19), Advertising on Cable (Page-63), Interaction Cable (Page-79), Pay Television Services (Page-85),Satellites (Page-95), Subscription Television (Page-113), Multipoint Distributions Services (Page-127), VCRs/Camera/Blank Tape (Page-141), Video Discs (Page-151),VCR and Disc Software (Page-161), Videotape Duplication Services (Page-173), Videotext (Page-181), Home Computers (Page-201), The Home Video Industry in Europe and Japan (Page-207), Financial Summaries (Page-217), Resources (Page-247).
650 _aHome Video
_9105756
942 _2ddc
_cBK
999 _c183264
_d183264